MARC details
| 000 -CABECERA |
| campo de control de longitud fija |
00906nam a2200241 u 4500 |
| 005 - FECHA Y HORA DE LA ÚLTIMA TRANSACCIÓN |
| campo de control |
20250227063819.0 |
| 008 - ELEMENTOS DE LONGITUD FIJA--INFORMACIÓN GENERAL |
| campo de control de longitud fija |
160831s2012 ag r 000 0 spa d |
| 020 ## - NÚMERO INTERNACIONAL NORMALIZADO PARA LIBROS |
| Número Internacional Estándar del Libro |
9789508924179 |
| 035 ## - NÚMERO DE CONTROL DEL SISTEMA |
| Número de control de sistema |
UPN01000212732 |
| 049 ## - COLECCIÓN |
| Colección |
CG |
| 050 #4 - SIGNATURA TOPOGRÁFICA DE LA BIBLIOTECA DEL CONGRESO |
| Número de clasificación |
HV1568 |
| Número de documento/Ítem |
P3.7 |
| 100 1# - ASIENTO PRINCIPAL--NOMBRE PERSONAL |
| Nombre de persona |
Pantano, Liliana |
| 9 (RLIN) |
39676 |
| 245 11 - MENCIÓN DE TÍTULO |
| Título |
¿Qué necesitan las familias de personas con discapacidad? : |
| Resto del título |
investigación, reflexiones y propuestas / |
| Mención de responsabilidad, etc. |
Liliana Pantano, Blanca Nuñez, Alicia Arenaza. |
| 260 ## - PUBLICACIÓN, DISTRIBUCIÓN, ETC. |
| Lugar de publicación, distribución, etc. |
Buenos Aires : |
| Nombre del editor, distribuidor, etc. |
Lugar Editorial, |
| Fecha de publicación, distribución, etc. |
2012. |
| 300 ## - DESCRIPCIÓN FÍSICA |
| Extensión |
206 p. : |
| Otras características físicas |
cuadros |
| 650 #0 - ASIENTO SECUNDARIO DE MATERIA - TERMINO TEMATICO |
| Término de materia o nombre geográfico como elemento de entrada |
Personas con discapacidad |
| Subdivisión general |
Condiciones sociales |
| 9 (RLIN) |
6562 |
| 650 #4 - ASIENTO SECUNDARIO DE MATERIA - TERMINO TEMATICO |
| Término de materia o nombre geográfico como elemento de entrada |
Personas con discapacidad |
| Subdivisión general |
Relaciones familiares |
| 9 (RLIN) |
12912 |
| 650 #4 - ASIENTO SECUNDARIO DE MATERIA - TERMINO TEMATICO |
| Término de materia o nombre geográfico como elemento de entrada |
SERVICIOS PARA PERSONAS CON DISCAPACIDAD |
| 9 (RLIN) |
22709 |
| 700 1# - ASIENTO SECUNDARIO--NOMBRE DE PERSONAL |
| Nombre de persona |
Núñez, Blanca Aída, |
| Fechas asociadas al nombre |
1968- |
| Término indicativo de función/relación |
coaut. |
| 9 (RLIN) |
39677 |
| 700 1# - ASIENTO SECUNDARIO--NOMBRE DE PERSONAL |
| Nombre de persona |
Arenaza, Alicia, |
| Término indicativo de función/relación |
coaut. |
| 905 ## - TIPO DE MATERIAL |
| Tipo de material |
Libro |